000 00478nam a2200181Ia 4500
008 090122s9999 xx 000 0 und d
082 _b12588
100 _aकदम
_bजयप्रकाश
_c-
245 _aछप्पर
260 _bमधुराज
_c2008
300 _a139
501 _aदिलीपराज प्रकाशन
600 _aकदम
630 _aछप्पर
700 _aकदम
730 _aछप्पर
942 _cBOOK
999 _c36665
_d36665